Detalles MARC
| 000 -ENCABEZADO |
| Número de control [NR] |
01787nam a2200301Ia 4500 |
| 005 - FECHA Y HORA DE LA ÚLTIMA TRANSACCIÓN |
| control field |
20140410171922.0 |
| 008 - DE LONGITUD FIJA DE DATOS DE ELEMENTOS - INFORMACIÓN GENERAL |
| Elementos de longitud fija [NR] |
130821s1999 xx g q lmul d |
| 040 ## - FUENTE DE CATALOGACION [NR] |
| Agencia de catalogación original [NR] |
CO-BoUCM |
| Idioma de catalogación [NR] |
spa |
| Quien Cataloga |
|
| Quien Clasifica |
[Nuevo] |
| 041 00 - CODIGO DE IDIOMA [R] |
| Código de idioma para texto/pista de sonido o título separado [R] |
Español |
| -- |
Inglés |
| -- |
Portugués |
| -- |
Francés |
| 092 ## - SIGNATURA TOPOGRAFICA LOCAL |
| Número de clasificación local |
DVD 0019 |
| 245 03 - MENCION DE TITULO [NR] |
| Título [NR] |
Ojos bien cerrados |
| Mención de responsabilidad, etc. [NR] |
Stanley Kubrick, director |
| Medio físico [NR] |
[DVD] |
| 260 ## - PUBLICACION, DISTRIBUCION, ETC. (PIE DE IMPRENTA) [R] |
| Lugar de publicación, distribución, etc. [R] |
[Lugar desconocido] |
| Nombre del editor, distribuidor, etc. [R] |
Warner Bros Inc. |
| Fecha de publicación, distribución, etc. [R] |
1999 |
| 300 ## - DESCRIPCION FISICA [R] |
| Extensión [R] |
1 DVD, 159 minutos |
| Otros detalles físicos [NR] |
sonido, imagen |
| 500 ## - NOTA GENERAL [R] |
| Nota general [NR] |
SINOPSIS: El doctor William y su señora lo tienen todo; dinero,guapos,etc.Peo tambien no tienen nada: no tienen confianza entre ellos,ect. hasta la señora le dice a William que meses atrás tuvo relaciones eroticas con otro. Eso le provoca a él una bajoestima y entra en una sociedad de erotismo,sexo,etc. que puede traer graves consecencias |
| 508 ## - NOTA DE CREDITOS DE CREACION/PRODUCCION [R] |
| Nota de créditos de creación/producción [NR] |
CRÉDITOS: Director, Stanley Kubrick; Guión, Stanley Kubrick y Frederic Raphael; Productor, Stanley Kubrick; Música, Jocelyn Pook; Fotografía, Larry Smith; Montaje, Nigel Galt |
| 511 ## - NOTA DE PARTICIPANTE O INTERPRETE [R] |
| Nota de participante o intérprete [NR] |
REPARTO: Tom Cruise, Nicole Kidman, Madison Eginton, Jackie Sawiris, Sydney Pollack, Leslie Lowe, Peter Benson, Todd Field, Michael Doven, Sky Du Mont |
| 546 ## - NOTA DE IDIOMA [R] |
| Nota de idioma [NR] |
Audio en Inglés. Subtítulos en Inglés, Portugués, Español. |
| 650 04 - ASIENTO SECUNDARIO DE MATERIA - TERMINO TEMATICO [R] |
| 9 (RLIN) |
51326 |
| Término temático o nombre geográfico como elemento de entrada [NR] |
Películas cinematográficas |
| Subdivisión geográfica [R] |
Estados Unidos |
| Subdivisión de forma [R] |
DVD |
| 650 04 - ASIENTO SECUNDARIO DE MATERIA - TERMINO TEMATICO [R] |
| Término temático o nombre geográfico como elemento de entrada [NR] |
Entretenimiento |
| 9 (RLIN) |
26487 |
| 650 04 - ASIENTO SECUNDARIO DE MATERIA - TERMINO TEMATICO [R] |
| Término temático o nombre geográfico como elemento de entrada [NR] |
Erotismo en el cine |
| Subdivisión de forma [R] |
DVD |
| 9 (RLIN) |
14721 |
| 650 04 - ASIENTO SECUNDARIO DE MATERIA - TERMINO TEMATICO [R] |
| Término temático o nombre geográfico como elemento de entrada [NR] |
Películas de suspenso |
| Subdivisión de forma [R] |
DVD |
| 9 (RLIN) |
21240 |
| 650 04 - ASIENTO SECUNDARIO DE MATERIA - TERMINO TEMATICO [R] |
| Término temático o nombre geográfico como elemento de entrada [NR] |
Sociología |
| 9 (RLIN) |
386 |
| 700 1# - ASIENTO SECUNDARIO - NOMBRE PERSONAL [R] |
| Nombre personal [NR] |
Kubrick, Stanley |
| Fechas asociadas con el nombre [NR] |
1928-1999 |
| Término de relación [R] |
director |
| 9 (RLIN) |
53162 |
| 710 2# - ASIENTO SECUNDARIO - NOMBRE CORPORATIVO [R] |
| Nombre corporativo o de jurisdicción como elemento de entrada [NR] |
Warner Bros. Pictures |
| 9 (RLIN) |
41920 |
| 765 0# - ASIENTO DE IDIOMA ORIGINAL [R] |
| Título [NR] |
Eyes Wide Shut |
| 856 04 - LOCALIZACION Y ACCESO ELECTRONICOS [R] |
| Identificador Uniforme del Recurso (“URI”) [R] |
<a href="http://www.youtube.com/watch?v=HPZ-X8PLOIM">http://www.youtube.com/watch?v=HPZ-X8PLOIM</a> |
| Nota dirigida al público [R] |
Siga este vínculo para ver el trailer. |
| 942 ## - ELEMENTOS DE ENTRADA AGREGADOS (KOHA) |
| Koha item type |
Multimedia |
| Source of classification or shelving scheme |
LOCAL |
| Tema principal |
Entretenimiento |
| Edition |
1 |
| Classification part |
DVD 0019 |